000
00247nam a2200109Ia 4500
008
220204s9999 xx 000 0 und d
082
_a
681.31PAS
_b
CHI
100
_a
Chirlian, Paul M
245
0
_a
Pascal
260
_a
Delhi
_b
BPB
_c
1986
942
_c
BK
999
_c
40618
_d
40618